Jeux de bars - Statistiques

Statistiques générales
  • Ce quiz a été pris 69 fois
  • Le résultat moyen est 5 sur 10
Statistiques - réponses
Hint Réponse % Correct
La noire doit toujours rentrer en dernier Billard
100%
le score le plus haut en un lancer est 60 Fléchettes
89%
On passe dessous quand on perd sans marquer Baby foot
83%
Jeux de force sans besoin de matériel Bras de Fer
80%
Offre pas mal de possibilités de jeux : poker, belote... Jeu de cartes
46%
Il ne faut pas faire tomber la bille en plomb Flipper
34%
La plus forte des combinaisons de ce jeu de dés lui donne son nom Yam's
32%
Un palet que l'on doit envoyer dans la cage adverse Air Hockey
26%
S'inspire de la boxe Punching Ball
15%
Jeu donnant son nom à un lieu où l'on peut également trouver la plupart des jeux précédents Bowling
8%
Aucun quiz correspondant
Distribution des résultats
% des personnes avec chaque résultat
Percentile par nombre de réponses
Votre historique - résultats
Vous n’avez pas pris ce quiz